Statistics for Countries that Start with 'C' - Hard Version

Click here to take the quiz!

General Stats

  • This quiz has been taken 133 times
    (106 since last reset)
  • The average score is 16 of 20

Answer Stats

First LetterType-In Starting With CAnswer% Correct
CCanadaCanada
93%
CColombiaColombia
92%
CChinaChina
91%
CChileChile
90%
CChadChad
89%
CCzech RepublicCzech Republic
89%
CCameroonCameroon
88%
DCongoD. R. Congo
88%
CCosta RicaCosta Rica
85%
CCubaCuba
85%
RCongoRepublic of the Congo
85%
CCambodiaCambodia
84%
CComorosComoros
83%
CCroatiaCroatia
82%
CCyprusCyprus
80%
CCape VerdeCape Verde
77%
CCentral African RepublicCentral African Republic
77%
ICôte d'IvoireIvory Coast
57%
FCMicronesiaF. S. Micronesia
45%
SCeylonSri Lanka
26%

Score Distribution

Percentile by Number Answered

Percent of People with Each Score

Your Score History

You have not taken this quiz since the last reset